Normal view
MARC view
- COMPUTER FUNDAMENTALS INTERNET BASICS
Entry Topical Term
001 - CONTROL NUMBER
- control field: 57794
003 - CONTROL NUMBER IDENTIFIER
- control field: NUST
005 - DATE AND TIME OF LATEST TRANSACTION
- control field: 20210628202009.0
008 - FIXED-LENGTH DATA ELEMENTS
- fixed length control field: 210628|| aca||aabn | a|a d
040 ## - CATALOGING SOURCE
- Original cataloging agency: NUST
- Transcribing agency: NUST
150 ## - HEADING--TOPICAL TERM
- Topical term or geographic name entry element: COMPUTER FUNDAMENTALS INTERNET BASICS
670 ## - SOURCE DATA FOUND
- Source citation: Work cat.: (NUST): Encyclopaedia of computer science vol-1, 2002
